000 00454nam a2200157 a 4500
001 000044706
005 20201002045550.0
008 150107s2014 dr a 000 0 spa d
020 _a9789945865035
040 _aDO-SdBNP
_bspa
_cBNPHU
082 _axxxx
_bxxxx
100 1 _aMedina, Aquilino
_953966
245 1 0 _aA la sombra del cocodrilo /
_cAquilino Medina.
260 _aSanto Domingo :
_bImpresora de León,
_c2014.
300 _a80 p. :
_bil. ;
_c21 cm.
999 _c44195
_d44195